000 00628cam a2200217 4500500
005 20260405003813.0
041 _afre
042 _adc
100 1 0 _aMorin, Edgar
_eauthor
245 0 0 _aLe remède Pascal : Edgar Morin inédit
260 _c2023.
500 _a6
690 _aBlaise Pascal
690 _aDescartes
690 _aDivertissement
690 _aEdgar Morin
690 _aMéthode
690 _aTout
786 0 _nPhilosophie magazine | 174 | 11 | 2023-11-01 | p. 49-50 | 1951-1787
856 4 1 _uhttps://shs.cairn.info/magazine-philosophie-magazine-2023-11-page-49?lang=fr&redirect-ssocas=7080
999 _c2070955
_d2070955